| 000 | 00507nam a2200169 a 4500 | ||
|---|---|---|---|
| 001 | 000004243 | ||
| 005 | 20200929151421.0 | ||
| 008 | 690521s1969 xx a 001 0 eng | ||
| 020 | _z671214837 | ||
| 040 |
_aDO-SdBNP _bspa _cBNPHU |
||
| 082 |
_a794.15 _bF529m |
||
| 100 | 1 |
_aFischer, Bobby, _d1943-2008. _912531 |
|
| 245 | 1 | 0 |
_aMy 60 memorable games / _cBobby Fischer. |
| 260 |
_aNew York : _bSimon and Schuster, _c1969. |
||
| 300 |
_a384 p. : _bil. ; _c22 cm. |
||
| 650 | 4 |
_aAjedrez _vCOLECCIÓN DE PARTIDAS _912542 |
|
| 999 |
_c4057 _d4057 |
||